000 00927nas a2200301 4500
001 BR2010001355
003 BR-BrBNA
005 20231205114128.0
007 ta
008 230509b bl.|||p| |||| 00| 00por d
040 _aBR-BrBNA
_bpor
_cBiblioteca Nacional de Agricultura
041 _a(Pt)
072 _aK10; F30
100 1 _aSantos, G.P.
245 1 _aBrasil dispõe da tecnologia mais avançada para o eucalipto
650 _aPRODUÇÃO FLORESTAL
650 _aEUCALIPTO
650 _aMATÉRIA PRIMA
650 _aMADEIRA
650 _aTECNOLOGIA
650 _aIMPACTO ECONÔMICO
650 _aIMPACTO SOCIAL
650 _aMUDA
650 _aCONTROLE INTEGRADO
773 0 _tInforme Agropecuário - Empresa de Pesquisa Agropecuária de Minas Gerais (Brazil)
_xISSN 0100-3364
_g(2009), v. 30(special number) p. 56-66
_wBR2010001355
909 _a202311
_bLúcia
_c55
_dLúcia Elande
942 _2AGRIS
_n0
_cANA
999 _c207202
_d207202